000 00581cam a22002053a 4500
001 42358
003 PGUSA
005 20140828083947.0
008 130317s2013||||xxu|||||s|||||000 | eng d
040 _aPGUSA
_beng
042 _adc
100 1 _aCastlemon, Harry,
_d1842-1915
245 1 0 _aFrank at Don Carlos' Rancho
_h[electronic resource] /
_cHarry Castlemon
260 _bProject Gutenberg,
_c2013
506 _aPublic domain in the USA.
516 _aElectronic text
830 0 _aProject Gutenberg
_v42358
856 4 0 _uhttp://www.gutenberg.org/ebooks/42358
942 _cEB
999 _c271610
_d271610